| 000 | 00801nam a2200253Ia 4500 | ||
|---|---|---|---|
| 003 | OSt | ||
| 005 | 20220923222907.0 | ||
| 006 | a|||||r|||| 00| 0 | ||
| 007 | ta | ||
| 008 | 220922b |||||||| |||| 00| 0 hin d | ||
| 024 | _a208,696 | ||
| 037 | _cTextual | ||
| 040 |
_aARTS _cARTS _bhin |
||
| 041 |
_2hin _ahin |
||
| 082 | _aO152,3N447x, N2 | ||
| 100 | _aवशिष्ट, कृष्णनारायण | ||
| 245 | 0 | _aमुखौटे | |
| 246 | _aMukhauṭe | ||
| 260 |
_aनई दिल्ली _b प्रवीन प्रका0 _c1992 |
||
| 300 |
_a111पृ. _ccm. |
||
| 650 |
_aहिन्दी साहित्य _9156264 |
||
| 942 |
_hO152,3N447x, N2 _cTEXL _2CC |
||
| 999 |
_c359283 _d359283 |
||